000 00577nam a2200229Ia 4500
003 OSt
005 20220918215514.0
006 a|||||r|||| 00| 0
007 ta
008 220917b |||||||| |||| 00| 0 eng d
024 _a141,548
037 _cTextual
040 _aARTS
_cARTS
_beng
041 _2eng
_aeng
082 _aY1:52, J6
100 _aPiddington R A
_9134303
245 0 _aLimits of mankind
_b a philosophy of population
260 _c1956
650 _aSOCIOLOGY
942 _hY1:52, J6
_cTEXL
_2CC
999 _c264509
_d264509